banner-ar

COMPLETE BUILDING CONSTRUCTION / (Record no. 19765)

MARC details
000 -الفاتح
حقل البيانات ثابتة الطول 00485nam a2200181Ia 4500
008 - عناصر البيانات ثابتة الطول - معلومات عامة
حقل البيانات ثابتة الطول 140319s9999 xx 000 0 eng d
040 ## - مصدر الفهرسة
وكالة الفهرسة الأصلية GCL /
وكالة النسخ GCL
082 04 - رقم تصنيف ديوى العشرى
رقم التصنيف 690
رقم المادة L C
100 1# - المدخل الرئيسى - إسم شخصى
الإسم الشخصى LEGER, EUGENE
245 10 - بيان العنوان
العنوان COMPLETE BUILDING CONSTRUCTION /
بيان المسئوليه,etc LEGER, EUGENE
650 04 - المدخل الاضافى بالموضوع-مصطلح موضوعى
مصطلح موضوعي التحليل الرياضى
650 04 - المدخل الاضافى بالموضوع-مصطلح موضوعى
مصطلح موضوعي CIVIL ENGINEERING
650 04 - المدخل الاضافى بالموضوع-مصطلح موضوعى
مصطلح موضوعي CONSTRUCTION
650 04 - المدخل الاضافى بالموضوع-مصطلح موضوعى
مصطلح موضوعي BUILDING
942 ## - عناصر المدخل الإضافي( كوها)
مصدر التصنيف او مخطط الترفيف Dewey Decimal Classification
Koha [default] item type كتاب
260 ## - PUBLICATION, DISTRIBUTION, ETC. (IMPRINT)
-- [S.N] :
-- MACMILIAN PUBLISHING COMPANY
Holdings
حالة التراجع حالة الفقد حالة تلف ليس للاعارة المكان المؤقت الموقع الحالى تاريخ الاكتساب اجمالي اﻻعارات رقم الطلب الباركود تاريخ اخر مشاهدة تاريخ تفعيل السعر نوع وعاء كوها
        مكتبة القاهرة الكبرى مكتبة القاهرة الكبرى 03/26/2014   690\L C 37482 03/26/2014 03/26/2014 كتاب

Powered By

EGPV